Consumo y bienestar social (Registro nro. 53201)
[ vista simple ]
| 000 -CABECERA | |
|---|---|
| Longitud fija campo de control | 01457nam a2200433 c 4500 |
| 001 - NÚMERO DE CONTROL | |
| Número de control | 53201 |
| 003 - IDENTIFICADOR DE NÚMERO DE CONTROL | |
| Identificador del número de control | ES-MaCES |
| 005 - FECHA Y HORA DE LA ÚLTIMA TRANSACCIÓN | |
| Fecha y hora de la última transacción | 20250203133029.0 |
| 007 - PHYSICAL DESCRIPTION FIXED FIELD--GENERAL INFORMAT | |
| Campo fijo de descripción física | cr ||||||||||| |
| 008 - CAMPO FIJO DE DESCRIPCIÓN FIJA--INFORMACIÓN GENERAL | |
| Códigos de información de longitud fija | 240524s2022 sp r 000 | spa d |
| 017 ## - NÚMERO DE REGISTRO DE DERECHOS DE AUTOR Y DEPÓSITO LEGAL | |
| Número de copyright o de depósito legal | BI 01450-2022 |
| Agencia que asigna el número | DL |
| 020 ## - ISBN (INTERNATIONAL STANDARD BOOK NUMBER) | |
| Número Internacional Normalizado para Libros (ISBN) | 9788492937912 |
| 040 ## - FUENTE DE CATALOGACIÓN | |
| Centro catalogador de origen | ES-MaCES |
| Lengua de catalogación | spa |
| Centro transcriptor | ES-MaCES |
| 100 1# - ENCABEZAMIENTO PRINCIPAL--NOMBRE PERSONAL | |
| 9 (RLIN) | 41071 |
| Nombre de persona | Salamanca Gonzáles, Jimena |
| 245 10 - MENCIÓN DE TÍTULO | |
| Título | Consumo y bienestar social |
| Medio | Recurso electrónico |
| Resto del título | : consecuencias de la Gran Recesión |
| Mención de responsabilidad, etc. | dir. por Iván Arribas Fernández ; Jimena Salamanca Gonzáles |
| 250 ## - MENCIÓN DE EDICIÓN | |
| Mención de edición | 1ª ed |
| 260 ## - PUBLICACIÓN, DISTRIBUCIÓN, ETC (PIE DE IMPRENTA) | |
| Lugar de publicación, distribución, etc. | Bilbao |
| Nombre del editor, distribuidor, etc. | Fundación BBVA |
| Fecha de publicación, distribución, etc. | 2022 |
| 300 ## - DESCRIPCIÓN FÍSICA | |
| Extensión | 1 documento pdf |
| Dimensiones | (3,94 mb) |
| 504 ## - NOTA DE BIBLIOGRAFÍA, ETC. | |
| Nota de bibliografía, etc. | Bibliografía: p. 205-208 |
| 541 ## - NOTA DE LA FUENTE INMEDIANTE DE ADQUISICIÓN | |
| Forma de adquisición | Gratuito |
| 650 #4 - ASIENTO SECUNDARIO DE MATERIA--TÉRMINO DE MATERIA | |
| Término de materia o nombre geográfico como elemento inicial | consumo |
| 9 (RLIN) | 27907 |
| 650 #4 - ASIENTO SECUNDARIO DE MATERIA--TÉRMINO DE MATERIA | |
| Término de materia o nombre geográfico como elemento inicial | gasto de consumo |
| 9 (RLIN) | 27905 |
| 650 #4 - ASIENTO SECUNDARIO DE MATERIA--TÉRMINO DE MATERIA | |
| Término de materia o nombre geográfico como elemento inicial | hogar |
| 9 (RLIN) | 27911 |
| 650 #4 - ASIENTO SECUNDARIO DE MATERIA--TÉRMINO DE MATERIA | |
| Término de materia o nombre geográfico como elemento inicial | bienestar |
| 9 (RLIN) | 27033 |
| 650 #4 - ASIENTO SECUNDARIO DE MATERIA--TÉRMINO DE MATERIA | |
| Término de materia o nombre geográfico como elemento inicial | bienestar familiar |
| 9 (RLIN) | 29489 |
| 650 #4 - ASIENTO SECUNDARIO DE MATERIA--TÉRMINO DE MATERIA | |
| Término de materia o nombre geográfico como elemento inicial | calidad de la vida |
| 9 (RLIN) | 29237 |
| 650 #4 - ASIENTO SECUNDARIO DE MATERIA--TÉRMINO DE MATERIA | |
| Término de materia o nombre geográfico como elemento inicial | condiciones de vida |
| 9 (RLIN) | 27111 |
| 650 #4 - ASIENTO SECUNDARIO DE MATERIA--TÉRMINO DE MATERIA | |
| Término de materia o nombre geográfico como elemento inicial | desigualdad social |
| 9 (RLIN) | 30789 |
| 650 #4 - ASIENTO SECUNDARIO DE MATERIA--TÉRMINO DE MATERIA | |
| Término de materia o nombre geográfico como elemento inicial | crisis económica |
| 9 (RLIN) | 27102 |
| 650 #4 - ASIENTO SECUNDARIO DE MATERIA--TÉRMINO DE MATERIA | |
| Término de materia o nombre geográfico como elemento inicial | España |
| 9 (RLIN) | 26964 |
| 650 #4 - ASIENTO SECUNDARIO DE MATERIA--TÉRMINO DE MATERIA | |
| Término de materia o nombre geográfico como elemento inicial | evaluación del impacto |
| 9 (RLIN) | 30732 |
| 650 #4 - ASIENTO SECUNDARIO DE MATERIA--TÉRMINO DE MATERIA | |
| Término de materia o nombre geográfico como elemento inicial | Comunidades Autónomas |
| 9 (RLIN) | 30768 |
| 653 10 - TÉRMINO DE INDEXACIÓN--NO CONTROLADO | |
| Término no controlado | Consumo |
| 700 1# - ENCABEZAMIENTO SECUNDARIO--NOMBRE PERSONAL | |
| Nombre de persona | Arribas Fernández, Iván |
| 9 (RLIN) | 6597 |
| Término indicativo de función | dir. |
| 710 2# - ENCABEZAMIENTO SECUNDARIO--NOMBRE CORPORATIVO | |
| Nombre de entidad o nombre de jurisdicción como elemento inicial | Fundación BBVA |
| Término indicativo de función | ed. |
| 9 (RLIN) | 3766 |
| 856 4# - ACCESO ELECTRÓNICO | |
| Identificador Uniforme del Recurso (URI) | http://biblioteca.ces.es/repintra/B53201.pdf |
| Texto del enlace | texto completo |
| Nota pública | [intranet] |
| 902 ## - CES. TIPO DE DOCUMENTO | |
| Tipodoc (006$c Sirtex) | ELE PUB. ELECTRONICA |
| 942 ## - ELEMENTOS KOHA | |
| Fuente de clasificaión o esquema | Clasificación propia del CES |
| Koha [por defecto] tipo de item | Monografías |
| Parte de clasificación | Educación |
No hay ítems disponibles.
